Historia critica de España y de la cultura española / (Record no. 159100)
[ view plain ]
| 000 -LEADER | |
|---|---|
| campo de control de longitud fija | 01300nam a2200217 i 4500 |
| 001 - NÚMERO DE CONTROL | |
| campo de control | 159100 |
| 003 - IDENTIFICADOR DE NÚMERO DE CONTROL | |
| campo de control | ES-MaACL |
| 005 - FECHA Y HORA DE LA ÚLTIMA TRANSACCIÓN | |
| campo de control | 20250727063147.0 |
| 008 - DATOS DE LONGITUD FIJA--INFORMACIÓN GENERAL | |
| campo de control de longitud fija | 931025s1783 sp |||| | spa d |
| 100 1# - ENTRADA PRINCIPAL--NOMBRE DE PERSONA | |
| Nombre de persona | Masdéu, Juan Francisco, |
| Fechas asociadas al nombre | 1744-1817 |
| 9 (RLIN) | 129694 |
| 245 10 - MENCIÓN DEL TÍTULO | |
| Título | Historia critica de España y de la cultura española / |
| Mención de responsabilidad, etc. | obra compuesta y publicada en italiano por D. Juan Francisco de Masdeu... ; tomo I y preliminar a la historia, Discurso histórico filosófico sobre el clima de España, el genio y el ingenio de los españoles para la industria y la literatura, su caracter politico y moral. |
| 260 ## - PUBLICACIÓN, DISTRIBUCIÓN, ETC. | |
| Lugar de publicación, distribución, etc. | En Madrid : |
| Nombre del editor, distribuidor, etc. | por don Antonio de Sancha, se hallará en su libreria en la Aduana vieja, |
| Fecha de publicación, distribución, etc. | 1783. |
| 300 ## - DESCRIPCIÓN FÍSICA | |
| Extensión | 20, 339 p. ; |
| Dimensiones | 4º (21 cm) |
| 500 ## - NOTA GENERAL | |
| Nota general | Existen dos ediciones: una, incluye el orden de los tomos en que se dividirá la obra en la contraportada, la otra, no incluye el orden de los tomos, aunque coincide la paginación. |
| 597 ## - NOTA DE DESCRIPCIÓN FÍSICA | |
| NOTA DE DESCRIPCIÓN FÍSICA | Sign.: [ ]4, 2*4, 3*2, A-Z4, 2A-2T4, 2V2. |
| 597 ## - NOTA DE DESCRIPCIÓN FÍSICA | |
| NOTA DE DESCRIPCIÓN FÍSICA | Antep. |
| 651 #4 - PUNTO DE ACCESO ADICIONAL DE MATERIA--NOMBRE GEOGRÁFICO | |
| Nombre geográfico | España- |
| Subdivisión general | Historia. |
| 9 (RLIN) | 8209 |
| 852 ## - LOCALIZACIÓN | |
| Ubicación | ES-MaACL |
| Número de control de estantería | R-270-89 |
| Nota libre | -- Enc. pasta |
| -- | .- Edición que no incluye el orden de los tomos en el verso de anteportada |
| Encuadernación | Olim: C-44-63 |
| Estatus retirado | Estado de pérdida | Estado de daño | No para préstamo | Colección | Biblioteca de origen | Biblioteca actual | Ubicación en estantería | Fecha de adquisición | Total de préstamos | Signatura topográfica completa | Código de barras | Visto por última vez | Precio de reemplazo | Tipo de ítem Koha |
|---|---|---|---|---|---|---|---|---|---|---|---|---|---|---|
| Libros del s. XVIII | Biblioteca del Ateneo de Madrid | Biblioteca del Ateneo de Madrid | Depósito | 17/01/2008 | R-270-89 | 1166554 | 23/02/2023 | 23/02/2023 | Libro impreso antiguo |
